MARC details
| 000 -CABECERA |
| campo de control de longitud fija |
02877nam a22003733i 4500 |
| 001 - NÚMERO DE CONTROL |
| campo de control |
991027358221907026 |
| 003 - IDENTIFICADOR DEL NÚMERO DE CONTROL |
| campo de control |
UkOxU |
| 005 - FECHA Y HORA DE LA ÚLTIMA TRANSACCIÓN |
| campo de control |
20260304131636.0 |
| 006 - CÓDIGOS DE INFORMACIÓN DE LONGITUD FIJA--CARACTERÍSTICAS DEL MATERIAL ADICIONAL |
| campo de control de longitud fija |
m o d | |
| 007 - CAMPO FIJO DE DESCRIPCIÓN FÍSICA--INFORMACIÓN GENERAL |
| campo de control de longitud fija |
cr#cnu|||||||| |
| 008 - DATOS DE LONGITUD FIJA--INFORMACIÓN GENERAL |
| campo de control de longitud fija |
220904s2022 xx o ||||0 eng d |
| 020 ## - NÚMERO INTERNACIONAL ESTÁNDAR DEL LIBRO |
| Número Internacional Estándar del Libro |
9781529420258 |
| 035 ## - NÚMERO DE CONTROL DEL SISTEMA |
| Número de control de sistema |
(MiAaPQ)EBC7079518 |
| 035 ## - NÚMERO DE CONTROL DEL SISTEMA |
| Número de control de sistema |
(Au-PeEL)EBL7079518 |
| 035 ## - NÚMERO DE CONTROL DEL SISTEMA |
| Número de control de sistema |
(CKB)24767655000041 |
| 035 ## - NÚMERO DE CONTROL DEL SISTEMA |
| Número de control de sistema |
(Exl-AI)7079518 |
| 035 ## - NÚMERO DE CONTROL DEL SISTEMA |
| Número de control de sistema |
(OCoLC)1344158095 |
| 035 ## - NÚMERO DE CONTROL DEL SISTEMA |
| Número de control de sistema |
(Perlego)3634506 |
| 035 ## - NÚMERO DE CONTROL DEL SISTEMA |
| Número de control de sistema |
(EXLCZ)9924767655000041 |
| 040 ## - FUENTE DE LA CATALOGACIÓN |
| Centro catalogador/agencia de origen |
MiAaPQ |
| Lengua de catalogación |
eng |
| Normas de descripción |
rda |
| -- |
pn |
| Centro/agencia transcriptor |
MiAaPQ |
| Centro/agencia modificador |
MiAaPQ |
| 041 ## - CÓDIGO DE LENGUA |
| Código de lengua del texto/banda sonora o título independiente |
English |
| 050 #4 - SIGNATURA TOPOGRÁFICA DE LA BIBLIOTECA DEL CONGRESO |
| Número de clasificación |
HF5825.L56 |
| 100 ## - ENTRADA PRINCIPAL--NOMBRE DE PERSONA |
| Nombre de persona |
Lingwood, Gyles. |
| 9 (RLIN) |
26774 |
| 245 10 - MENCIÓN DE TÍTULO |
| Título |
Copywriting Third Edition |
| Resto del título |
: Successful Writing for Design, Advertising and Marketing. |
| 250 ## - MENCIÓN DE EDICIÓN |
| Mención de edición |
First edition |
| 264 #1 - PRODUCCIÓN, PUBLICACIÓN, DISTRIBUCIÓN, FABRICACIÓN Y COPYRIGHT |
| Producción, publicación, distribución, fabricación y copyright |
London : |
| Nombre del de productor, editor, distribuidor, fabricante |
Laurence King Publishing, |
| Fecha de producción, publicación, distribución, fabricación o copyright |
2022. |
| 300 ## - DESCRIPCIÓN FÍSICA |
| Extensión |
346 pages |
| 505 8# - NOTA DE CONTENIDO CON FORMATO |
| Nota de contenido con formato |
Getting to grips with copywriting — The art of writing great copy — Writing for brand and marketing — Interview: Rishi Dastidar, Brandpie — Interview: Vikki Ross, brand and copy consultant — Case Study: IKEA “Silence the Critics” — Case Study: Specialized — Writing for advertising and direct marketing — Interview: Beth Grace, BrandOpus — Interview: Will Awdry, Sutton Young — Case Study: Right To Play — Case Study: Lyric Opera of Chicago — Writing for digital environments — Interview: Jureeporn Thaidumrong, GREYnJ United — Interview: Glenn Fisher, All Good Copy — Case Study: General Electric’s My Mom Makes — Case Study: getcoleman.com — Case Study: monstersupplies.org — Writing for retailing and products — Interview: Meredith Mathews, Half Price Books — Interview: Paul Marshall, Anatomicals — Case Study: Method Home Products — Case Study: Pret A Manger — Writing for company magazines, newsletters and internal communications — Interview: Helen Deverell, Helen Deverell Communications. |
| 520 ## - SUMARIO, ETC. |
| Sumario, etc. |
This book, 'Copywriting: Successful Writing for Design, Advertising and Marketing,' provides a comprehensive guide to the art of copywriting, focusing on its essential role in branding and marketing. The authors, Gyles Lingwood and Mark Shaw, aim to equip readers with the skills needed to craft effective and engaging copy that aligns with an organization's values and resonates with its target audience. The book covers various aspects of copywriting, including writing for digital environments, advertising, brand messaging, and more. It includes interviews and case studies to illustrate successful practices. Intended for both novice and professional writers, it emphasizes the importance of creative thinking and understanding audience preferences in successful copywriting. |
| 650 #0 - PUNTO DE ACCESO ADICIONAL DE MATERIA--TÉRMINO DE MATERIA |
| Término de materia o nombre geográfico como elemento de entrada |
Branding (Marketing) |
| 9 (RLIN) |
6284 |
| 650 #0 - PUNTO DE ACCESO ADICIONAL DE MATERIA--TÉRMINO DE MATERIA |
| Término de materia o nombre geográfico como elemento de entrada |
Advertising |
| 9 (RLIN) |
2839 |
| 700 ## - ENTRADA AGREGADA--NOMBRE PERSONAL |
| Nombre de persona |
Shaw, Mark. |
| 9 (RLIN) |
26775 |
| 942 ## - ELEMENTOS DE ENTRADA AGREGADA (KOHA) |
| Fuente del sistema de clasificación o colocación |
Clasificación de Library of Congress |